000 00845nam a22002897a 4500
001 BR7702782
003 BR-BrBNA
005 20230928085301.0
007 ta
008 230509b bl.||||| |||| 00| 0 por d
040 _aBR-BrBNA
_bpor
_cBiblioteca Nacional de Agricultura
041 _a(Por)
072 _aF00; F50
_b3575
090 _ 3575 BR7702782
100 1 _aAzevedo, J.I.S. de
110 1 _aEscola Superior de Agricultura de Lavras, MG (Brasil)
245 1 _aMorfologia, maturacao e producao de sementes
_bConvenio MA/DISEM/ESAL - 1. Curso em tecnologia de sementes
260 3 _aLavras, MG (Brasil):
_c1977.
300 _a20 p.
650 _aProducao vegetal
650 _aMorfologia vegetal
650 _aSemente
650 _aMaturacao
650 _aGerminacao
909 _a202309
_bLucia
_c55
_dLucia Elande
942 _cBK
999 _c23664
_d23664